Casos de Derecho Canónico
Uloženo v:
| Hlavní autor: | |
|---|---|
| Médium: | Kniha |
| Jazyk: | španělština |
| Vydáno: |
Santander, España
Sal Terrae
1931
|
| Vydání: | 1a. ed |
| Edice: | Obras canónicas de la Universidad Pontificia de Comillas
|
| Témata: | |
| Tagy: |
Přidat tag
Žádné tagy, Buďte první, kdo vytvoří štítek k tomuto záznamu!
|
MARC
| LEADER | 00000nam a2200000 a 4500 | ||
|---|---|---|---|
| 001 | UCJ3925 | ||
| 003 | CL-VaPUC | ||
| 005 | 20250103100400.0 | ||
| 008 | 070124e19310000SP |||||||||||||||||spa|d | ||
| 999 | |c 320044 |d 320042 | ||
| 040 | |c Pontificia Universidad Católica de Valparaíso | ||
| 082 | 0 | 4 | |a 262 REG 1931 |2 21 |
| 100 | 0 | |a Regatillo, S. I., Eduardo F. |e autor |9 506512 | |
| 245 | 1 | 0 | |a Casos de Derecho Canónico |
| 250 | |a 1a. ed | ||
| 260 | 0 | 3 | |a Santander, España |b Sal Terrae |c 1931 |
| 300 | |a 2 volúmenes | ||
| 490 | 0 | |a Obras canónicas de la Universidad Pontificia de Comillas | |
| 583 | |a last modification |c 20070124 00:00:00 |k Rodrigo Vera | ||
| 600 | 0 | 7 | |a CONGREGACION MARIANA |2 CL-VaPUC |9 506513 |
| 650 | 7 | |a DERECHO CANONICO |2 CL-VaPUC |9 506514 | |
| 650 | 0 | |a Iglesia Católica |9 256114 | |
| 650 | 0 | |a Administración eclesiástica |9 323988 | |
| 650 | 0 | |a Acción católica |9 257808 | |
| 650 | 0 | |a Sacramentos |9 257270 | |
| 650 | 7 | |a FUERO ECLESIASTICO |2 CL-VaPUC |9 506515 | |
| 942 | |c BK |2 ddc | ||
| 945 | |d 20070124 00:00:00 |a rinostro | ||
| 952 | |0 0 |1 0 |4 0 |6 262_000000000000000_REG_1931 |7 0 |8 X |9 398497 |a FDOBUD |b FDOBUD |d 2019-11-22 |h v.1 |i 1010255 |o 262 REG 1931 |p 1010255 |r 2019-11-22 |t 1 |w 2019-11-22 |y BK_X |k BUD | ||
| 952 | |0 0 |1 0 |4 0 |6 262_000000000000000_REG_1931 |7 0 |8 X |9 398498 |a FDOBUD |b FDOBUD |d 2019-11-22 |h v.2 |i 1010263 |o 262 REG 1931 |p 1010263 |r 2019-11-22 |t 1 |w 2019-11-22 |y BK_X |k BUD | ||